000 00305nam a22001337a 4500
008 171027b xxu||||| |||| 00| 0 eng d
020 _a9780521770439
041 _aeng
080 _a336
100 _a56
101 _aFIN
245 _aAN INTRODUCTION MATHEMATICAL FINANCE
_cROSS,SH.M
942 _2udc
_cBK
999 _c36089
_d36089